| 000 | 00865 a2200301 4500 | ||
|---|---|---|---|
| 001 | 200421735 | ||
| 651 | 0 |
_955303 _aTurkey _xPolitics and government _d1980-. |
|
| 999 |
_c200421735 _d38822 |
||
| 003 | TR-AnTOB | ||
| 005 | 20240814073634.0 | ||
| 008 | 150403s tu 000 0 | ||
| 020 | _a9789944109758 | ||
| 040 |
_aTR-AnTOB _btur _erda |
||
| 041 | 0 | _atur | |
| 050 | 0 | 0 |
_aPN6267.T8 _bO94 2009 |
| 090 | _aPN6267.T8 O94 2009 | ||
| 100 | 1 |
_aÖzden, Yekta Güngör _9105371 |
|
| 245 | 1 | 0 |
_aAtatürk özlemi / _cYekta Güngör Özden. |
| 264 |
_a: _bPegem Yayıncılık, _c2006 |
||
| 300 |
_ax, 222 s. ; _c21 sm. |
||
| 336 |
_atext _2rdacontent |
||
| 337 |
_aunmediated _2rdamedia |
||
| 338 |
_avolume _2rdacarrier |
||
| 650 | 0 | 0 |
_aAnecdotes _9105372 |
| 650 | 0 | 7 |
_aAnekdotlar _2etuturkob _911981 |
| 651 | 7 |
_aTürkiye _xSiyaset ve yönetim _d1980-. _2 _9120128 |
|
| 942 | _cBK | ||